[Event "FRA-ch op-A"]
[Site "Reims"]
[Date "2004.04.23"]
[Round "7"]
[White "Baudson, Julien"]
[Black "Bizien, Matthieu"]
[Result "0-1"]
[WhiteElo "1820"]
[BlackElo "1990"]
[PlyCount "80"]
[EventDate "2004.04.??"]
[EventType "swiss"]
[EventRounds "9"]
[EventCountry "FRA"]
[SourceTitle "EXT 2005"]
[Source "ChessBase"]
[SourceDate "2004.11.15"]
[SourceVersion "1"]
[SourceVersionDate "2004.11.15"]
[SourceQuality "1"]

1. d4 Nf6 2. Nf3 c5 3. e3 e6 4. Bd3 d5 5. b3 Nc6 6. Bb2 Bd6 7. Nbd2 cxd4 8. exd4 0-0 9. a3 Nh5 10. g3 Nf6 11. 0-0 Ng4 12. h3 Nh6 13. c4 Ne7 14. Re1 Bb8 15. Ne5 f6 16. Nef3 Qd6 17. Qc2 Kh8 18. Nf1 Qd7 19. N1h2 Nc6 20. Bf1 Nf5 21. g4 Nfe7 22. b4 Ng6 23. b5 Nce7 24. c5 Qc7 25. a4 Nh4 26. a5 f5 27. Bg2 fxg4 28. hxg4 Neg6 29. b6 Qf4 30. Bc1 Nxf3+ 31. Nxf3 Qxg4 32. Ra3 Bf4 33. Nh2 Bxh2+ 34. Kxh2 Qxd4 35. Ree3 e5 36. Bb2 Qh4+ 37. Kg1 d4 38. Rg3 Bf5 39. Qc1 Be4 40. Rh3 Qxf2+ 0-1

[Event "FRA-ch op-A"]
[Site "Reims"]
[Date "2004.04.20"]
[Round "4"]
[White "Aggoune, Eddy"]
[Black "Bizien, Matthieu"]
[Result "1/2-1/2"]
[WhiteElo "1670"]
[BlackElo "1990"]
[PlyCount "75"]
[EventDate "2004.04.??"]
[EventType "swiss"]
[EventRounds "9"]
[EventCountry "FRA"]
[SourceTitle "EXT 2005"]
[Source "ChessBase"]
[SourceDate "2004.11.15"]
[SourceVersion "1"]
[SourceVersionDate "2004.11.15"]
[SourceQuality "1"]

1. c4 Nf6 2. g3 g6 3. Bg2 e5 4. e3 Bg7 5. Ne2 Nc6 6. Nbc3 d6 7. d4 exd4 8. exd4 0-0 9. 0-0 Bg4 10. Be3 Qc8 11. Qd2 Bh3 12. Bh6 Bxg2 13. Kxg2 Ne7 14. Bxg7 Kxg7 15. Nf4 d5 16. b3 Qd7 17. Rfd1 dxc4 18. bxc4 Qc6+ 19. Kg1 Qxc4 20. Rac1 Qb4 21. Rb1 Qd6 22. Rxb7 Rfb8 23. Qb2 Rxb7 24. Qxb7 Qc6 25. Qxc6 Nxc6 26. Nb5 Rd8 27. d5 Rd7 28. Rc1 Nb4 29. Rxc7 Rxc7 30. Nxc7 g5 31. a3 Na6 32. Nxa6 gxf4 33. d6 fxg3 34. hxg3 Nd7 35. Nb4 Kf6 36. Nc6 a6 37. a4 Ke6 38. Nb4 1/2-1/2

[Event "FRA-ch op-A"]
[Site "Reims"]
[Date "2004.04.18"]
[Round "1"]
[White "Bizien, Matthieu"]
[Black "Prevost, Elisabeth"]
[Result "1-0"]
[WhiteElo "1990"]
[BlackElo "1390"]
[PlyCount "43"]
[EventDate "2004.04.??"]
[EventType "swiss"]
[EventRounds "9"]
[EventCountry "FRA"]
[SourceTitle "EXT 2005"]
[Source "ChessBase"]
[SourceDate "2004.11.15"]
[SourceVersion "1"]
[SourceVersionDate "2004.11.15"]
[SourceQuality "1"]

1. d4 d5 2. Bg5 f6 3. Bf4 Nc6 4. Nf3 g5 5. Bg3 e6 6. e3 h5 7. h4 g4 8. Nh2 e5 9. f3 exd4 10. exd4 f5 11. Bb5 Qe7+ 12. Kf2 Qd7 13. c4 Kd8 14. Re1 Nge7 15. Nc3 dxc4 16. d5 Nxd5 17. Nxd5 Bc5+ 18. Kf1 Bd6 19. Bxd6 Qxd6 20. Bxc6 g3 21. Qd2 gxh2 22. Qg5+ 1-0